000 01008nam a22001937a 4500
003 OSt
005 20250729155132.0
008 250729b |||||||| |||| 00| 0 eng d
020 _a9789585155695
082 _21a Edición
100 _aERIN DOOM
245 _aFabricante de Lágrimas
260 _bMontena
_c2021
300 _a629 pag.
_gPesado
520 _aEn el orfanato en el que Nica creció, siempre se han contado historias y leyendas a la luz de las velas. La más famosa de todas es la del fabricante de lágrimas, un misterioso artesano culpable de haber forjado todos los miedos y las angustias que habitan en los corazones del ser humano. Para Nica ya es hora de dejar atrás los cuentos de la infancia y de vivir lo que para ella es un sueño hecho realidad: ser adoptada. Pero no estará sola en el nuevo hogar, ya que la familia acogerá también a Rigel, un chico de rostro angelical que oculta algo oscuro en su ser.
650 _aAMOR
650 _aSENTIMIENTOS
942 _2ddc
_cBK
_n0
999 _c1773
_d1773